[Event "Lichtenberger Sommer 2019"]
[Site "Berlin"]
[Date "2019.08.18"]
[Round "2.93"]
[White "Kellner, René"]
[Black "Morczynski, Ryszard"]
[Result "1-0"]
[WhiteElo "1700"]
[BlackElo "1304"]
[PlyCount "99"]
[EventDate "2019.??.??"]
[WhiteTeam "Potsdamer SV"]
[BlackTeam "Sk Zehlendorf"]

1. e4 c5 2. Nc3 Nc6 3. f4 e5 4. Nf3 d6 5. d3 Nf6 6. f5 d5 7. Bg5 Be7 8. Bxf6
gxf6 9. Nxd5 Qa5+ 10. Qd2 Qxd2+ 11. Nxd2 Bd8 12. O-O-O b5 13. Nb3 Nb4 14. a3
Nxd5 15. exd5 Bxf5 16. Nxc5 Bb6 17. Ne4 Ke7 18. Be2 Be3+ 19. Kb1 Rhg8 20. g3
Rad8 21. Rhf1 Bxe4 22. dxe4 a6 23. Rf3 Bc5 24. Rdf1 Rd6 25. c4 Rb8 26. cxb5
axb5 27. Rc1 Bd4 28. Rb3 Rdb6 29. Rc7+ Ke8 30. Bh5 R8b7 31. Rxb7 Rxb7 32. Be2
Bg1 33. h3 Bh2 34. Rxb5 Rxb5 35. Bxb5+ Ke7 36. g4 Kd6 37. b4 Bg1 38. Kc2 Bb6
39. Kb3 Ba7 40. a4 h6 41. a5 Kc7 42. Be8 Kd6 43. Bxf7 Ke7 44. Be6 Kd6 45. Kc4
Bd4 46. b5 Kc7 47. b6+ Kb7 48. Kb5 Bc3 49. a6+ Kb8 50. d6 1-0

[Event "Lichtenberger Sommer 2019"]
[Site "Berlin"]
[Date "2019.08.18"]
[Round "2.94"]
[White "Hesselbarth, Karlheinz"]
[Black "Motsch, Sebastian"]
[Result "1-0"]
[WhiteElo "1692"]
[BlackElo "1275"]
[PlyCount "43"]
[EventDate "2019.??.??"]
[WhiteTeam "SC Zugzwang 95 (Berlin)"]

1. d4 d5 2. c4 c6 3. Nf3 Nf6 4. Nc3 e6 5. Bg5 dxc4 6. a4 a6 7. e3 Nbd7 8. Bxc4
Be7 9. O-O O-O 10. Qc2 Nd5 11. Bxe7 Qxe7 12. Rad1 b6 13. Ne4 h6 14. Ne5 Nxe5
15. dxe5 Bb7 16. Nd6 Kh8 17. e4 Nb4 18. Qe2 Rad8 19. f4 Rd7 20. f5 Qg5 21. fxe6
Re7 22. Nxf7+ 1-0

[Event "Lichtenberger Sommer 2019"]
[Site "Berlin"]
[Date "2019.08.19"]
[Round "3.1"]
[White "Stern, René"]
[Black "Stark, Ingo"]
[Result "1-0"]
[WhiteElo "2515"]
[BlackElo "2113"]
[PlyCount "65"]
[EventDate "2019.??.??"]
[WhiteTeam "SK König Tegel"]
[BlackTeam "TSG Oberschöneweide"]

1. Nf3 b5 2. e3 a6 3. b3 e6 4. Bb2 Nf6 5. c4 b4 6. d4 Be7 7. Nbd2 Bb7 8. Bd3 c5
9. O-O d6 10. d5 exd5 11. cxd5 O-O 12. e4 Nbd7 13. Nc4 Re8 14. Re1 Bf8 15. a4
a5 16. Nfd2 Ne5 17. Nxe5 dxe5 18. Bb5 Nd7 19. Nc4 f6 20. Bxd7 Qxd7 21. Nb6 Qc7
22. Nxa8 Rxa8 23. Rc1 Qd7 24. Rc2 Ba6 25. Bc1 Rc8 26. Be3 c4 27. bxc4 Qxa4 28.
c5 Qb5 29. d6 b3 30. Rb2 a4 31. Qd5+ Kh8 32. d7 Rd8 33. c6 1-0

[Event "Lichtenberger Sommer 2019"]
[Site "Berlin"]
[Date "2019.08.19"]
[Round "3.2"]
[White "Mertens, Fridolin"]
[Black "Ahmadinia, Ebrahim"]
[Result "0-1"]
[WhiteElo "2113"]
[BlackElo "2453"]
[PlyCount "160"]
[EventDate "2019.??.??"]
[WhiteTeam "SG 1871 Löberitz"]
[BlackTeam "SF 1903 Berlin"]

1. e4 d6 2. d4 Nf6 3. Nc3 g6 4. Nf3 Bg7 5. Be3 c6 6. Qd2 b5 7. Bd3 Nbd7 8. Bh6
Bxh6 9. Qxh6 e5 10. O-O-O a6 11. dxe5 dxe5 12. Rhf1 Qe7 13. Nd2 Bb7 14. f4
O-O-O 15. fxe5 Ng4 16. Qf4 Ngxe5 17. Be2 h5 18. h3 Kb8 19. Nf3 Ka8 20. a3 Rhf8
21. Rd2 Nxf3 22. gxf3 Nc5 23. Rfd1 Rxd2 24. Qxd2 h4 25. Bf1 g5 26. f4 gxf4 27.
Qxf4 Ne6 28. Qf5 Qg5+ 29. Kb1 Qxf5 30. exf5 Ng7 31. Bd3 Bc8 32. Rf1 Nh5 33. Ne2
Rg8 34. Be4 Kb7 35. Bf3 Nf6 36. Nd4 Bd7 37. Re1 Re8 38. Rxe8 Nxe8 39. Bh5 Nd6
40. f6 Bxh3 41. Nf3 Be6 42. Nxh4 Ne4 43. Kc1 Nxf6 44. Bf3 Kc7 45. Kd2 Kd6 46.
b3 a5 47. Be2 Ke5 48. Nf3+ Ke4 49. Ne1 Ke5 50. Nf3+ Kd6 51. Ng5 Nd7 52. Ke3 f6
53. Ne4+ Ke5 54. Nd2 Nb6 55. c4 b4 56. axb4 axb4 57. Bf3 c5 58. Bc6 Bf5 59. Be4
Bg4 60. Bf3 f5 61. Ne4 Bxf3 62. Nxc5 Bd1 63. Nd3+ Ke6 64. Kf4 Nc8 65. Nxb4 Ne7
66. Nd3 Kf6 67. b4 Be2 68. Nb2 Bf1 69. b5 Ng6+ 70. Ke3 Ne5 71. b6 Bg2 72. c5
Ke6 73. Na4 Bc6 74. Nb2 Kf6 75. Nd1 Kg5 76. Nc3 f4+ 77. Kd4 Nf3+ 78. Kd3 Ne5+
79. Kd4 Nd7 80. Nb5 Bxb5 0-1

[Event "Lichtenberger Sommer 2019"]
[Site "Berlin"]
[Date "2019.08.19"]
[Round "3.3"]
[White "Thinius, Marco"]
[Black "Bui, Bao Anh Le"]
[Result "1-0"]
[WhiteElo "2404"]
[BlackElo "2087"]
[PlyCount "77"]
[EventDate "2019.??.??"]
[WhiteTeam "SV Empor Berlin"]
[BlackTeam "SV Mattnetz Berlin"]

1. c4 e5 2. Nc3 c5 3. g3 Nc6 4. Bg2 d6 5. d3 g6 6. a3 a5 7. Nf3 Bg7 8. O-O Nge7
9. Ne1 Be6 10. Nc2 d5 11. cxd5 Nxd5 12. Ne3 Nb6 13. Bxc6+ bxc6 14. Na4 Nxa4 15.
Qxa4 O-O 16. Nc4 Bh3 17. Rd1 Ra6 18. Be3 Qd5 19. f3 f5 20. Bf2 f4 21. Nd2 Rb8
22. b3 Be6 23. Rab1 Bh6 24. Ne4 Kf7 25. Nxc5 Raa8 26. g4 Bf8 27. Nxe6 Kxe6 28.
Rdc1 c5 29. Rc4 Rb7 30. Rbc1 Rc7 31. Kg2 Bd6 32. d4 exd4 33. Bxd4 cxd4 34. Rxc7
Bxc7 35. Rxc7 h5 36. h3 hxg4 37. hxg4 Rb8 38. b4 axb4 39. Qa6+ 1-0

[Event "Lichtenberger Sommer 2019"]
[Site "Berlin"]
[Date "2019.08.19"]
[Round "3.4"]
[White "Dathe, Frederick"]
[Black "Figura, Atila Gajo"]
[Result "0-1"]
[WhiteElo "2110"]
[BlackElo "2394"]
[PlyCount "72"]
[EventDate "2019.??.??"]
[WhiteTeam "SC Kreuzberg"]
[BlackTeam "SK Zehlendorf"]

1. c4 c5 2. g3 Nc6 3. Bg2 g6 4. Nc3 Bg7 5. e3 d6 6. Nge2 Bd7 7. Rb1 Qc8 8. a3
Bh3 9. O-O h5 10. Bxh3 Qxh3 11. Nf4 Qd7 12. h4 Nf6 13. d3 Ne5 14. Qa4 Qxa4 15.
Nxa4 e6 16. b4 b6 17. Rd1 Ke7 18. Bb2 Nfg4 19. Kg2 Rhg8 20. Rbc1 Rac8 21. Rd2
f6 22. Bxe5 fxe5 23. Nh3 cxb4 24. axb4 b5 25. Nb2 Rc7 26. d4 exd4 27. exd4 bxc4
28. Rxc4 Rxc4 29. Nxc4 Rb8 30. Na5 Kd7 31. d5 exd5 32. Rxd5 Rxb4 33. Nf4 Ne5
34. Ne2 Rb2 35. Nc3 Ng4 36. Ne4 Ne3+ 0-1

[Event "Lichtenberger Sommer 2019"]
[Site "Berlin"]
[Date "2019.08.19"]
[Round "3.5"]
[White "Ortmann, David"]
[Black "Sabrowski, Uwe"]
[Result "1-0"]
[WhiteElo "2340"]
[BlackElo "2073"]
[PlyCount "119"]
[EventDate "2019.??.??"]
[WhiteTeam "SC Böblingen"]
[BlackTeam "SV Berolina Mitte"]

1. d4 Nf6 2. c4 g6 3. Nc3 Bg7 4. e4 d6 5. Nf3 O-O 6. Be2 e5 7. Be3 Nc6 8. d5
Ne7 9. Nd2 Ne8 10. O-O f5 11. f3 f4 12. Bf2 g5 13. c5 Ng6 14. Nc4 Rf7 15. cxd6
cxd6 16. a4 h5 17. Nb5 a6 18. Nb6 Rb8 19. Nxc8 Rxc8 20. Nc3 Nf6 21. h3 Bf8 22.
a5 Rg7 23. Ra4 Qd7 24. Rb4 Be7 25. Qa4 Bd8 26. Qxd7 Rxd7 27. Ra1 Nf8 28. Ra3
Rg7 29. Kf1 N8h7 30. Bb6 Bxb6 31. Rxb6 Ne8 32. Rab3 Rc5 33. Rxb7 Rxb7 34. Rxb7
Rxa5 35. Ra7 Ra1+ 36. Kf2 a5 37. b4 Rc1 38. Na2 Rc2 39. Rxa5 g4 40. hxg4 hxg4
41. Ke1 Ng5 42. b5 Nxf3+ 43. Bxf3 gxf3 44. gxf3 Rb2 45. Nc3 Kf8 46. Ra7 Nf6 47.
Kd1 Ke8 48. Kc1 Rb4 49. Ra4 Rxa4 50. Nxa4 Nd7 51. Kc2 Kd8 52. Nb2 Nc5 53. Nc4
Nb7 54. Kc3 Ke7 55. Kb4 Kf6 56. b6 Kg5 57. Kb5 Kh4 58. Kc6 Kg3 59. Kxb7 Kxf3
60. Kc6 1-0

[Event "Lichtenberger Sommer 2019"]
[Site "Berlin"]
[Date "2019.08.19"]
[Round "3.6"]
[White "Kornrumpf, Joachim"]
[Black "Rosmann, Ilja"]
[Result "0-1"]
[WhiteElo "2099"]
[BlackElo "2323"]
[PlyCount "52"]
[EventDate "2019.??.??"]
[WhiteTeam "Preetzer TSV"]
[BlackTeam "Königsspringer SC 1984"]

1. b3 e5 2. Bb2 Nc6 3. c4 g6 4. e3 Bg7 5. Nf3 d6 6. d3 Nge7 7. Nbd2 O-O 8. Qc2
d5 9. cxd5 Nxd5 10. a3 Re8 11. Be2 f5 12. O-O g5 13. Rad1 g4 14. Ne1 Qg5 15. g3
f4 16. Ne4 Qg6 17. exf4 exf4 18. Bxg7 Qxg7 19. Qc4 Be6 20. Bxg4 Qxg4 21. Qxd5
Bxd5 22. Nf6+ Kg7 23. Nxg4 h5 24. h3 hxg4 25. hxg4 fxg3 26. f4 Re2 0-1

[Event "Lichtenberger Sommer 2019"]
[Site "Berlin"]
[Date "2019.08.19"]
[Round "3.7"]
[White "Barseghyan, Armen Ar"]
[Black "Meyer-Dunker, Paul"]
[Result "1-0"]
[WhiteElo "2313"]
[BlackElo "2064"]
[PlyCount "73"]
[EventDate "2019.??.??"]
[BlackTeam "TSG Oberschöneweide"]

1. e4 e5 2. Nf3 Nc6 3. d4 exd4 4. Nxd4 Bc5 5. Nb3 Bb6 6. Nc3 Nf6 7. Qe2 O-O 8.
Bg5 h6 9. Bh4 a5 10. a4 Nd4 11. Qd3 Nxb3 12. cxb3 c6 13. O-O-O d5 14. Qc2 Be6
15. exd5 cxd5 16. Nxd5 Bxd5 17. Bxf6 Qxf6 18. Rxd5 Rfd8 19. Rf5 Qg6 20. g3 Rd7
21. Bc4 Rad8 22. Re1 Bd4 23. Rf3 Qg5+ 24. Kb1 Bf6 25. Rd3 g6 26. f4 Qf5 27. g4
Qxg4 28. Rg3 Rd1+ 29. Ka2 Qxg3 30. hxg3 Rxe1 31. Qxg6+ Bg7 32. f5 Kh8 33. Qxf7
Rf8 34. Qxb7 Rg1 35. Qf3 Bf6 36. Bd5 Rc8 37. Qe3 1-0

[Event "Lichtenberger Sommer 2019"]
[Site "Berlin"]
[Date "2019.08.19"]
[Round "3.8"]
[White "Braeunlin, Herbert"]
[Black "Nötzel, Felix"]
[Result "0-1"]
[WhiteElo "2091"]
[BlackElo "2262"]
[PlyCount "60"]
[EventDate "2019.??.??"]
[BlackTeam "SF 1903 Berlin"]

1. e4 e5 2. Nc3 Nf6 3. g3 Bc5 4. Bg2 O-O 5. Nge2 Nc6 6. O-O a6 7. Nd5 d6 8. h3
Nxd5 9. exd5 Nd4 10. Nxd4 Bxd4 11. c3 Ba7 12. d4 exd4 13. cxd4 Qf6 14. Be3 Re8
15. Rc1 Bb6 16. g4 Bd7 17. Qd2 h6 18. b3 a5 19. a4 g5 20. Rc4 Qe7 21. Rc3 f5
22. f4 Qg7 23. Rd3 fxg4 24. hxg4 Bxg4 25. fxg5 h5 26. Bf3 Bf5 27. Bxh5 Bxd3 28.
Rf7 Qh8 29. Qxd3 Qxh5 30. Rf6 Kg7 0-1

[Event "Lichtenberger Sommer 2019"]
[Site "Berlin"]
[Date "2019.08.19"]
[Round "3.9"]
[White "Schulz, Hartmut"]
[Black "Petersen, Soren Boeck"]
[Result "1/2-1/2"]
[WhiteElo "2064"]
[BlackElo "2218"]
[PlyCount "28"]
[EventDate "2019.??.??"]
[WhiteTeam "SC Rochade (Berlin)"]
[BlackTeam "Damhus Skakklub"]

1. d4 d5 2. Nf3 Nf6 3. c4 dxc4 4. e3 Bg4 5. Bxc4 e6 6. h3 Bh5 7. O-O a6 8. Be2
Nc6 9. b3 Bd6 10. Bb2 O-O 11. Nbd2 Qe7 12. Nc4 Nd5 13. Nfe5 Bxe2 14. Nxc6 Bxd1
1/2-1/2

[Event "Lichtenberger Sommer 2019"]
[Site "Berlin"]
[Date "2019.08.19"]
[Round "3.10"]
[White "Neffe, Axel"]
[Black "Silz, Elisa"]
[Result "1-0"]
[WhiteElo "2198"]
[BlackElo "2011"]
[PlyCount "49"]
[EventDate "2019.??.??"]
[WhiteTeam "SF Hamburg"]
[BlackTeam "SV Empor Berlin"]

1. e4 c5 2. Nf3 d6 3. d4 cxd4 4. Nxd4 Nf6 5. Nc3 a6 6. Bc4 e6 7. Bb3 Be7 8. O-O
O-O 9. f4 Nc6 10. Be3 Na5 11. e5 dxe5 12. fxe5 Nd5 13. Bxd5 exd5 14. Nf5 Bxf5
15. Rxf5 Nc4 16. Bd4 Qd7 17. Qf3 Qc6 18. Nxd5 Bc5 19. Bxc5 Qxc5+ 20. Kh1 Nd2
21. Nf6+ Kh8 22. Rh5 Qxc2 23. Nxh7 g6 24. Rh3 Rfc8 25. Ng5+ 1-0

[Event "Lichtenberger Sommer 2019"]
[Site "Berlin"]
[Date "2019.08.19"]
[Round "3.11"]
[White "Poseck, Steffen"]
[Black "Hesse, Henrik"]
[Result "1/2-1/2"]
[WhiteElo "2041"]
[BlackElo "2185"]
[PlyCount "82"]
[EventDate "2019.??.??"]
[WhiteTeam "BSV 63 Chemie Weißensee"]
[BlackTeam "SV Mattnetz Berlin"]

1. e4 c5 2. Nf3 e6 3. b3 Nc6 4. Bb2 Qc7 5. g3 d6 6. Bg2 Nf6 7. Qe2 Be7 8. O-O
O-O 9. d4 cxd4 10. Nxd4 Bd7 11. c4 a6 12. Nxc6 Bxc6 13. e5 Nd7 14. exd6 Bxd6
15. Bxc6 Qxc6 16. Nd2 Rfd8 17. Rad1 Nc5 18. Nf3 Qe4 19. Qxe4 Nxe4 20. Rd4 f5
21. Rfd1 Kf7 22. c5 Be7 23. Ne5+ Ke8 24. Nd7 Nxc5 25. Nxc5 Bxc5 26. Rxd8+ Rxd8
27. Rxd8+ Kxd8 28. Bxg7 Kd7 29. Kf1 Kc6 30. Ke2 Kd5 31. Bc3 h5 32. f3 Bd6 33.
Kd3 e5 34. Be1 Bc5 35. h3 Bg1 36. g4 hxg4 37. hxg4 Bc5 38. Bc3 Be7 39. Ke3 Bg5+
40. Ke2 Be7 41. Ke3 Bg5+ 1/2-1/2

[Event "Lichtenberger Sommer 2019"]
[Site "Berlin"]
[Date "2019.08.19"]
[Round "3.12"]
[White "Teichert, Felix"]
[Black "Kohler, Thomas"]
[Result "1/2-1/2"]
[WhiteElo "2027"]
[BlackElo "2178"]
[PlyCount "37"]
[EventDate "2019.??.??"]
[WhiteTeam "Leegebrucher SF"]
[BlackTeam "SC Zitadelle Spandau"]

1. c4 g6 2. g3 Bg7 3. Bg2 c5 4. Nc3 Nc6 5. e4 Nf6 6. Nge2 O-O 7. O-O d6 8. d3
a6 9. a4 Rb8 10. f4 Bd7 11. h3 Ne8 12. f5 Nc7 13. a5 e6 14. g4 Ne8 15. Ng3 Qh4
16. Nce2 Be5 17. Bf4 Bxf4 18. Rxf4 Nf6 19. Qf1 1/2-1/2

[Event "Lichtenberger Sommer 2019"]
[Site "Berlin"]
[Date "2019.08.19"]
[Round "3.13"]
[White "Hermannsdörfer, Frank"]
[Black "Jachym, Adam"]
[Result "0-1"]
[WhiteElo "2177"]
[BlackElo "1994"]
[PlyCount "102"]
[EventDate "2019.??.??"]
[WhiteTeam "SV Liebschwitz"]
[BlackTeam "OKSZ Spolem Opole"]

1. b3 e5 2. Bb2 Nc6 3. e3 Nf6 4. Bb5 d6 5. Ne2 a6 6. Bxc6+ bxc6 7. O-O g6 8. f4
Bg7 9. Qe1 O-O 10. Ng3 exf4 11. Rxf4 Nd5 12. Bxg7 Kxg7 13. Rf1 f5 14. Ne2 c5
15. Nf4 Nxf4 16. Rxf4 Bb7 17. c4 Qf6 18. Nc3 Rae8 19. Qg3 Re5 20. Raf1 Rfe8 21.
Qf2 Qg5 22. Ne2 h5 23. h4 Qe7 24. Qg3 Kh6 25. R4f2 Re4 26. Nf4 Rg8 27. Qf3 Ba8
28. g3 Qe8 29. Rh2 Rxc4 30. Qe2 Re4 31. Qxa6 g5 32. hxg5+ Rxg5 33. Kf2 Rxg3 34.
Nxh5 Rf3+ 35. Kg2 Rh3 36. Rxh3 Rxe3+ 37. Rff3 Bxf3+ 38. Rxf3 Re2+ 39. Kf1 Re1+
40. Kf2 Rh1 41. Re3 Qxh5 42. Qa8 Qh4+ 43. Ke2 Re1+ 44. Kd3 Qd4+ 45. Kc2 Rxe3
46. Qh1+ Kg5 47. Qg1+ Kf4 48. dxe3+ Qxe3 49. Qf1+ Qf3 50. Qxf3+ Kxf3 51. Kd3 f4
0-1

[Event "Lichtenberger Sommer 2019"]
[Site "Berlin"]
[Date "2019.08.19"]
[Round "3.14"]
[White "Püschel, Werner"]
[Black "Zeitz, Philip"]
[Result "0-1"]
[WhiteElo "2012"]
[BlackElo "2170"]
[PlyCount "120"]
[EventDate "2019.??.??"]
[WhiteTeam "SV Briesen"]
[BlackTeam "SC Kreuzberg"]

1. Nf3 Nf6 2. b3 d5 3. Bb2 c6 4. d3 Bg4 5. Nbd2 Nbd7 6. g3 e6 7. Bg2 Bd6 8. O-O
O-O 9. Re1 Re8 10. h3 Bh5 11. c4 e5 12. Nh4 Bg6 13. Nxg6 hxg6 14. Qc2 a5 15.
Rac1 Qe7 16. cxd5 cxd5 17. d4 e4 18. Nf1 Nh5 19. e3 f5 20. Qe2 Nhf6 21. Qb5 Nb8
22. Rc2 Nc6 23. a3 Reb8 24. Ra1 Ra6 25. Kh2 Na7 26. Qe2 Rb6 27. Qe1 Nc6 28. Nd2
g5 29. f4 exf3 30. Bxf3 Re8 31. Qh1 Qf7 32. Re1 g4 33. hxg4 fxg4 34. Bg2 g5 35.
e4 Kg7 36. Qf1 Qh5+ 37. Kg1 Bxg3 38. Qe2 Qh2+ 39. Kf1 Nxe4 40. Nxe4 Rf8+ 41.
Nf2 Rxf2+ 42. Qxf2 Bxf2 43. Rxf2 Rxb3 44. Bxd5 Qh3+ 45. Kg1 Qg3+ 46. Kf1 Qh3+
47. Kg1 Re3 48. Ref1 Re7 49. Bg2 Qh5 50. d5+ Ne5 51. d6 g3 52. Rf7+ Rxf7 53.
Bxe5+ Kf8 54. Rxf7+ Kxf7 55. Bxg3 Qd1+ 56. Kh2 b5 57. Bb7 b4 58. axb4 axb4 59.
Ba6 Qc2+ 60. Kh3 b3 0-1

[Event "Lichtenberger Sommer 2019"]
[Site "Berlin"]
[Date "2019.08.19"]
[Round "3.15"]
[White "Zühlke, Burkhard"]
[Black "Wierzbicki, Jirawat"]
[Result "0-1"]
[WhiteElo "2009"]
[BlackElo "2160"]
[PlyCount "92"]
[EventDate "2019.??.??"]
[WhiteTeam "SGem Fürth"]
[BlackTeam "SK König Tegel"]

1. d4 d5 2. c4 dxc4 3. e4 Nc6 4. Nf3 Bg4 5. d5 Ne5 6. Bf4 Ng6 7. Bg3 Nf6 8. Nc3
e5 9. Bxc4 Bd6 10. Qd3 a6 11. O-O Nh5 12. Ne2 Nxg3 13. Nxg3 Nf4 14. Qc3 Qf6 15.
Rfe1 h5 16. Bf1 h4 17. Nf5 g5 18. Rac1 Ng6 19. Qb3 Rb8 20. Nxd6+ cxd6 21. Bxa6
O-O 22. Bf1 h3 23. Nd2 hxg2 24. Bxg2 Nf4 25. Bf1 Kh7 26. Qg3 Bh5 27. Nc4 Qg6
28. Bh3 Kg7 29. Bf5 Qf6 30. Kf1 b5 31. Nd2 Nxd5 32. Nf3 Bxf3 33. Qxf3 Nf4 34.
Rc3 Rh8 35. h3 d5 36. Rec1 Rb6 37. Qg4 Rh6 38. Qf3 dxe4 39. Bxe4 Rxh3 40. Qg4
Rh4 41. Qg3 Rd6 42. Rc6 Ne2 43. Qg2 Nxc1 44. Rxd6 Qf4 45. Rd8 Nxa2 46. Ke1
Qxe4+ 0-1

[Event "Lichtenberger Sommer 2019"]
[Site "Berlin"]
[Date "2019.08.19"]
[Round "3.16"]
[White "Hillmann, Michael"]
[Black "Metzinger, Hannes"]
[Result "1-0"]
[WhiteElo "2138"]
[BlackElo "1917"]
[PlyCount "73"]
[EventDate "2019.??.??"]
[WhiteTeam "SV Sangerhausen"]
[BlackTeam "SK Ottenau"]

1. d4 d5 2. c4 e6 3. Nf3 c5 4. cxd5 exd5 5. g3 Nc6 6. Bg2 Nf6 7. O-O Be7 8. Nc3
O-O 9. b3 Ne4 10. Bb2 cxd4 11. Nxd4 Bf6 12. Na4 Re8 13. Rc1 Nxd4 14. Bxd4 b5
15. Nc5 Bf5 16. e3 Qa5 17. Nxe4 dxe4 18. Bxf6 gxf6 19. Rc5 Bg6 20. h4 h5 21.
Qe2 Re5 22. Rxe5 fxe5 23. Qc2 Rd8 24. Bxe4 Rd2 25. Qb1 Kg7 26. Bxg6 fxg6 27.
Qe4 b4 28. Rc1 Qb5 29. Rc6 Rd1+ 30. Kh2 Kh8 31. Rxg6 Qd5 32. Rh6+ Kg7 33. Qh7+
Kf8 34. Rf6+ Ke8 35. Qh8+ Ke7 36. Qg7+ Kd8 37. Rf8# 1-0

[Event "Lichtenberger Sommer 2019"]
[Site "Berlin"]
[Date "2019.08.19"]
[Round "3.17"]
[White "Zesewitz, Martin"]
[Black "Simon, Ralf-Axel"]
[Result "1/2-1/2"]
[WhiteElo "1906"]
[BlackElo "2131"]
[PlyCount "110"]
[EventDate "2019.??.??"]
[WhiteTeam "SF Friedrichshagen"]
[BlackTeam "SF Hannover"]

1. f4 Nf6 2. Nf3 b6 3. e3 Bb7 4. b3 g6 5. Bb2 Bg7 6. Be2 O-O 7. O-O c5 8. Qe1
e6 9. d3 d5 10. Ne5 Nfd7 11. d4 f6 12. Nf3 Nc6 13. Qg3 Qe7 14. Bb5 Rac8 15.
Nbd2 Nb4 16. Rfc1 a6 17. Bf1 cxd4 18. Ba3 dxe3 19. Nb1 Qc5 20. Be2 d4 21. Nxd4
Qxd4 22. c3 Qd6 23. Rd1 Qe7 24. Bxb4 Nc5 25. Qxe3 a5 26. Ba3 Rfd8 27. Nd2 e5
28. Nc4 Rxd1+ 29. Rxd1 Qc7 30. fxe5 fxe5 31. Bg4 Rd8 32. Rxd8+ Qxd8 33. Bxc5
bxc5 34. Qxc5 Qh4 35. Be6+ Kh8 36. Qf2 Qe4 37. Nd6 Qb1+ 38. Qf1 Qxf1+ 39. Kxf1
Ba6+ 40. c4 Bf8 41. Nf7+ Kg7 42. Nxe5 Bd6 43. Nd7 Bc8 44. Kf2 Bxd7 45. Bxd7 Kf6
46. h3 Ke5 47. Ke3 Bc5+ 48. Kd3 g5 49. Bc6 h5 50. Bd5 h4 51. Kc3 Bb4+ 52. Kb2
Kd4 53. a3 Be7 54. b4 axb4 55. a4 Bd8 1/2-1/2

[Event "Lichtenberger Sommer 2019"]
[Site "Berlin"]
[Date "2019.08.19"]
[Round "3.18"]
[White "Beyer, Nils"]
[Black "Brümmel, Arend"]
[Result "0-1"]
[WhiteElo "1832"]
[BlackElo "2129"]
[PlyCount "57"]
[EventDate "2019.??.??"]
[WhiteTeam "TG Wehlheiden"]
[BlackTeam "Stader SV"]

1. d4 Nf6 2. c4 e6 3. g3 c5 4. d5 exd5 5. cxd5 d6 6. Nc3 g6 7. Bg2 Bg7 8. Nf3
O-O 9. O-O Re8 10. h3 a6 11. a4 Ne4 12. Nxe4 Rxe4 13. Nd2 Rb4 14. Qc2 Nd7 15.
a5 b5 16. axb6 Nxb6 17. Rb1 Rb8 18. e4 Na4 19. Nc4 Nc3 20. Bd2 Ne2+ 21. Kh2 Nd4
22. Qd3 Rb3 23. Bc3 a5 24. Nd2 R3b5 25. Nf3 Ba6 26. Qd2 Nxf3+ 27. Bxf3 Bxc3 28.
Qxc3 Rb3 29. Qe3 0-1

[Event "Lichtenberger Sommer 2019"]
[Site "Berlin"]
[Date "2019.08.19"]
[Round "3.19"]
[White "Sieglen, Joachim"]
[Black "Fuchs, Dominik"]
[Result "1/2-1/2"]
[WhiteElo "2218"]
[BlackElo "1887"]
[PlyCount "69"]
[EventDate "2019.??.??"]
[WhiteTeam "SC Untergrombach"]
[BlackTeam "SC Zitadelle Spandau"]

1. d4 d5 2. c4 e6 3. Nf3 Nf6 4. g3 Bb4+ 5. Bd2 Bd6 6. Bg2 c6 7. Qc2 Nbd7 8. O-O
O-O 9. Bg5 h6 10. Bf4 Bxf4 11. gxf4 b6 12. Ne5 Bb7 13. e3 Rc8 14. Nc3 Qe7 15.
Rfd1 Nxe5 16. fxe5 Nd7 17. cxd5 cxd5 18. f4 b5 19. Qd2 a6 20. Rac1 Nb6 21. b3
Rc7 22. Ne2 Rfc8 23. Rxc7 Rxc7 24. Nc1 b4 25. Nd3 a5 26. Nc5 Ba8 27. a3 Nd7 28.
axb4 axb4 29. Qxb4 Nxc5 30. Rc1 Na6 31. Qxe7 Rxe7 32. Rc8+ Kh7 33. Rxa8 Nb4 34.
Bf1 Rb7 35. Rc8 1/2-1/2

[Event "Lichtenberger Sommer 2019"]
[Site "Berlin"]
[Date "2019.08.19"]
[Round "3.20"]
[White "George, Tom"]
[Black "Bauder, Herbert"]
[Result "1/2-1/2"]
[WhiteElo "2210"]
[BlackElo "1947"]
[PlyCount "118"]
[EventDate "2019.??.??"]
[WhiteTeam "SG Stadtilm"]
[BlackTeam "Lasker Steglitz-Wilmersdorf"]

1. c4 c5 2. Nf3 Nc6 3. d4 cxd4 4. Nxd4 Nf6 5. Nc3 g6 6. e4 Nxd4 7. Qxd4 d6 8.
Be2 Bg7 9. Be3 O-O 10. Qd2 Qa5 11. O-O Re8 12. a3 Be6 13. b4 Qd8 14. Rad1 b6
15. f3 Rc8 16. Nd5 Nxd5 17. exd5 Bd7 18. Bd4 Bxd4+ 19. Qxd4 e5 20. dxe6 Rxe6
21. Bd3 Qf6 22. Be4 Kg7 23. Qd3 Bc6 24. Bxc6 Rxc6 25. Rfe1 Qf4 26. Rxe6 fxe6
27. Qd4+ Qxd4+ 28. Rxd4 e5 29. Re4 Kf6 30. Kf2 a5 31. Ke2 axb4 32. axb4 Rc7 33.
Kd3 Ra7 34. Re2 Ra3+ 35. Ke4 Ke6 36. f4 Rc3 37. fxe5 Rxc4+ 38. Kd3 Rxb4 39.
exd6+ Kxd6 40. Re8 Rb2 41. Rh8 Rxg2 42. Rxh7 Kc5 43. Kc3 Kb5 44. Kb3 Rf2 45.
Rg7 Rxh2 46. Rxg6 Rh3+ 47. Kb2 Ka5 48. Rg5+ b5 49. Rg4 Rh2+ 50. Kb1 b4 51. Rg5+
Ka4 52. Rg3 Rh5 53. Kb2 Rh4 54. Kb1 b3 55. Rg8 Ka3 56. Ra8+ Ra4 57. Rxa4+ Kxa4
58. Kb2 Kb4 59. Kb1 Kc3 1/2-1/2

[Event "Lichtenberger Sommer 2019"]
[Site "Berlin"]
[Date "2019.08.19"]
[Round "3.21"]
[White "Groot, Patrick"]
[Black "Syre, Christian"]
[Result "0-1"]
[WhiteElo "1971"]
[BlackElo "2198"]
[PlyCount "114"]
[EventDate "2019.??.??"]
[WhiteTeam "SF 1903 Berlin"]

1. d4 d6 2. Nf3 g6 3. c4 Bg7 4. Nc3 Nf6 5. e4 O-O 6. Be2 Nbd7 7. O-O e5 8. Be3
Re8 9. d5 Nh5 10. g3 Bf8 11. Ne1 Ng7 12. Nd3 Be7 13. f4 exf4 14. gxf4 Bf6 15.
Bf3 Bxc3 16. bxc3 f5 17. e5 dxe5 18. fxe5 Nxe5 19. Nxe5 Rxe5 20. Bf4 Re8 21.
Qd4 Bd7 22. Bh6 Qe7 23. Rae1 Qf8 24. Rxe8 Rxe8 25. Qxa7 Bc8 26. Qd4 b6 27. a4
Rd8 28. Re1 c5 29. Qh4 Re8 30. Rxe8 Qxe8 31. Qf6 Qe1+ 32. Kg2 Ne8 33. Qxb6 Qh4
34. Qc6 Kf7 35. Qxc8 Qxh6 36. Qe6+ Kf8 37. Qe5 Qd2+ 38. Be2 Qg5+ 39. Kf1 Qe7
40. Qh8+ Kf7 41. Qxh7+ Kf6 42. Qxe7+ Kxe7 43. h4 Nd6 44. Bd3 Nb7 45. Kg2 Kf6
46. Kg3 Ke5 47. Kf3 Na5 48. Bxf5 Kxf5 49. d6 Ke6 50. Kf4 Nxc4 51. Kg5 Ne5 52.
c4 Kxd6 53. Kf6 Nf3 54. Kxg6 Nxh4+ 55. Kf6 Nf3 56. a5 Nd2 57. a6 Nxc4 0-1

[Event "Lichtenberger Sommer 2019"]
[Site "Berlin"]
[Date "2019.08.19"]
[Round "3.22"]
[White "Barwich, Andreas"]
[Black "Niehaus, Frank"]
[Result "1/2-1/2"]
[WhiteElo "1951"]
[BlackElo "2143"]
[PlyCount "70"]
[EventDate "2019.??.??"]
[WhiteTeam "SV Berolina Mitte"]
[BlackTeam "SK König Tegel"]

1. e4 e5 2. d4 exd4 3. Nf3 Nc6 4. Bc4 Bc5 5. Ng5 Nh6 6. Nxf7 Nxf7 7. Bxf7+ Kxf7
8. Qh5+ g6 9. Qxc5 d6 10. Qb5 Re8 11. O-O Kg7 12. c3 Qf6 13. cxd4 a6 14. Qa4
Rxe4 15. Be3 Nxd4 16. Bxd4 Rxd4 17. Qe8 Qe6 18. Qd8 Qd7 19. Qg5 Qf7 20. Qd8 Re4
21. Nc3 Re8 22. Qh4 Be6 23. f4 d5 24. f5 gxf5 25. Rf3 Kh8 26. Rg3 c5 27. Qf4
Qf6 28. Qc7 Rac8 29. Qxb7 f4 30. Rf3 Qe5 31. Raf1 d4 32. Qe4 Bg4 33. Rxf4 dxc3
34. Rf8+ Rxf8 35. Qxe5+ Kg8 1/2-1/2

[Event "Lichtenberger Sommer 2019"]
[Site "Berlin"]
[Date "2019.08.19"]
[Round "3.23"]
[White "Seitz, Patrick"]
[Black "Khojoyan, Martin"]
[Result "1-0"]
[WhiteElo "2130"]
[BlackElo "1850"]
[PlyCount "57"]
[EventDate "2019.??.??"]
[WhiteTeam "SC Böblingen"]
[BlackTeam "SV Motor Wildau"]

1. e4 e6 2. d4 d5 3. Nd2 Nf6 4. e5 Nfd7 5. Bd3 c5 6. c3 Nc6 7. Ne2 c4 8. Bc2 b5
9. O-O g6 10. Nf3 Bg7 11. h4 Bb7 12. Nf4 a5 13. Ng5 Nf8 14. b3 Qe7 15. bxc4
bxc4 16. a4 Qd7 17. Ba3 h6 18. Nf3 Ne7 19. Ra2 Nh7 20. Qb1 Nf5 21. Rb2 Bc8 22.
h5 g5 23. Bxf5 exf5 24. e6 fxe6 25. Nxe6 Bf6 26. Re1 Kf7 27. Qxf5 Kg8 28. Qg6+
Bg7 29. Nxg7 1-0